Loading...
| Fine Arts - Classical Music | 6 | 16.67 | 3,833% | 417% | 400% |
| Fine Arts - Other | 5 | 16.00 | 2,600% | 160% | 780% |
| Fine Arts - Painting & Sculpture | 7 | 15.71 | 4,686% | 243% | 414% |
| History - American | 5 | 16.00 | 3,320% | 480% | 320% |
| History - European | 8 | 18.75 | 4,688% | 588% | 313% |
| History - Other | 8 | 21.25 | 4,688% | 488% | 638% |
| History - World | 6 | 18.33 | 4,083% | 517% | 383% |
| Literature - American | 7 | 15.71 | 2,371% | 371% | 614% |
| Literature - British | 6 | 16.67 | 1,633% | 250% | 750% |
| Literature - European | 7 | 20.00 | 6,057% | 443% | 314% |
| Literature - World | 8 | 15.00 | 3,888% | 375% | 300% |
| Mythology | 5 | 22.00 | 6,520% | 460% | 520% |
| Other | 6 | 18.33 | 3,767% | 400% | 683% |
| Philosophy | 3 | 13.33 | 1,200% | 267% | 500% |
| Religion | 6 | 16.67 | 1,417% | 633% | 417% |
| Science - Biology | 8 | 18.75 | 3,838% | 563% | 425% |
| Science - Chemistry | 3 | 20.00 | 5,400% | 867% | 300% |
| Science - Other | 5 | 12.00 | 0% | 160% | 820% |
| Science - Physics | 7 | 15.71 | 3,929% | 371% | 443% |
| Social Science | 8 | 18.75 | 5,113% | 400% | 500% |